Score 0/23 Timer 03:00
0 Plays Today
Hint Four Letter Word % Correct
◆ Not up ◆◆ DOWN ◆
97.8%
Small cityTOWN
97.5%
Italy's shape, colloquiallyBOOT
97.3%
Layer of paint, perhapsCOAT
97.1%
Underground part of a plantROOT
97%
PriceCOST
96.8%
◆ What a clock shows ◆◆ TIME ◆
96.8%
◆ Lounge, kitchen, or study ◆◆ ROOM ◆
96.4%
Result of a fracture?CAST
96.2%
DaybreakDAWN
95.9%
Where a college student livesDORM
95.8%
◆ Water vessel ◆◆ BOAT ◆
95.4%
Hint Four Letter Word % Correct
Car contact pointTIRE
93.8%
◆ Measurement for beer purchases? ◆◆ CASE ◆
93.7%
Animated characterTOON
93.3%
Have concern forCARE
93.2%
Ripped to piecesTORE
92.8%
Famed fantasy mountainDOOM
92.7%
Piece of paperworkFORM
92.5%
Golfer's warningFORE
92.4%
Mild expletiveDARN
91.3%
A blessing or benefitBOON
91.1%
Adversary of truth?DARE
90.8%

Today's Daily Dose

Missing Word
I Hardly Know Her!

Word Ladder
Sentence Ending

Quick Pick
Female Firsts

Get the Picture
Triathlon Sports

Remove Ads.
Support Sporcle.
Get the best of Sporcle when you Go Orange. This ad-free experience offers more features, more stats, and more fun while also helping to support Sporcle. Thank you for becoming a member.

You're not logged in!

Compare scores with friends on all Sporcle quizzes.
OR
Log In

Show Comments

Extras

Top Quizzes Today


Score Distribution

Your Account Isn't Verified!

In order to create a playlist on Sporcle, you need to verify the email address you used during registration. Go to your Sporcle Settings to finish the process.

Report this User

Report this user for behavior that violates our Community Guidelines.

Details: